Control de los alimentos : hacia una red de seguridad alimentaria /

Guardado en:
Autor Principal: Andrada, Carlos A.
Formato: Libro
Publicado: Buenos Aires : La Colmena, 2007
Edición:2a. ed.
Materias:
Etiquetas: Agregar Etiqueta
Sin Etiquetas, Sea el primero en etiquetar este registro!
LEADER 01446nam a22002415a 4500
001 CEM.cems017964
005 20130315081550.0
008 130507s2007##################000#0#####d
003 CEMS
020 |a 9789879028643 
082 0 4 |a 664.8 
100 1 |a Andrada, Carlos A. 
245 1 0 |a Control de los alimentos :  |b hacia una red de seguridad alimentaria /  |c Carlos A. Andrada 
250 |a 2a. ed. 
260 |a Buenos Aires :  |b La Colmena,  |c 2007 
300 |a 146 p. 
505 0 |a La pirámide del bienestar social y la nutrición -- Las tres etapas del control de alimentos -- La iniciación: conocimiento legal y responsabilidades -- El control en marcha -- Aproximaciones Estado-consumidor -- Deformaciones en la producción de alimentos y soluciones -- Normas y fallas en la concepción y ejecución del control -- La teoría de Deesltra: aplicación a zonas de escasos recursos -- Espíritu del control de alimentos -- Reglas de oro de la OMS para la preparación higiénica de los alimentos -- Bioensayo rápido del tari para insecticidas y fungicidas en frutas y hortalizas (RBPR) -- Normas alimentarias -- Normas argentinas -- Normas internacionales -- Bioterrorismo -- Palabras cruzadas, alimentos y química. 
653 |a Alimentos 
653 |a Alimentos-control de 
653 |a Seguridad alimentaria 
653 |a Control de alimentos 
653 |a Normas alimentarias 
859 |a CEMS  |b BIB. CEMS - Agricultura  |h 664.8  |i An248a2  |p A1804.13  |t Ej.1